[Event "SR 1. liga zapad 2010/2011"]
[Site "?"]
[Date "2010.12.12"]
[Round "4.2"]
[White "Lipka, Juraj"]
[Black "Srvatka, Igor"]
[Result "1-0"]
[WhiteElo "2414"]
[BlackElo "2205"]
[PlyCount "61"]
[EventDate "2010.??.??"]

1. d4 Nf6 2. Nf3 c5 3. c4 cxd4 4. Nxd4 e5 5. Nb5 d5 6. cxd5 Bc5 7. N5c3 e4 8.
e3 O-O 9. g3 Bg4 10. Be2 Bxe2 11. Qxe2 Re8 12. O-O Nxd5 13. Rd1 Nxc3 14. Nxc3
Qe7 15. Nd5 Qe5 16. b4 Bd6 17. Bb2 Qe6 18. Nf4 Bxf4 19. exf4 Nc6 20. b5 Na5 21.
Rac1 Rac8 22. Rxc8 Qxc8 23. Rc1 Qe6 24. Rc7 h6 25. f5 Qxa2 26. Rc2 Qb1+ 27. Rc1
Qd3 28. Qg4 g5 29. fxg6 f6 30. Qf5 Nc4 31. Qxf6 1-0

[Event "SR 1. liga zapad 2010/2011"]
[Site "?"]
[Date "2010.12.12"]
[Round "4.2"]
[White "Motuz, Karol"]
[Black "Pacher, Milan"]
[Result "1-0"]
[WhiteElo "2245"]
[BlackElo "2399"]
[PlyCount "75"]
[EventDate "2010.??.??"]

1. e4 c6 2. d4 d5 3. e5 Bf5 4. Nf3 e6 5. Be2 Nd7 6. O-O h6 7. Be3 Ne7 8. Nbd2
Bh7 9. Nb3 Nf5 10. Bf4 g5 11. Bd2 f6 12. exf6 Qxf6 13. Ne5 O-O-O 14. Ba5 Nb6
15. Re1 Bd6 16. Bf1 Rhf8 17. Nc5 Nh4 18. Ng4 Qf7 19. Bxb6 axb6 20. Nxe6 h5 21.
Nxf8 Rxf8 22. Ne5 Qxf2+ 23. Kh1 Be4 24. Re2 Qf4 25. Kg1 Bxe5 26. dxe5 g4 27.
Qe1 Nf5 28. Rf2 Qxe5 29. Bd3 Qxb2 30. Rb1 Qd4 31. Rb4 Qc5 32. Bxe4 dxe4 33.
Rxe4 Nd6 34. Re5 Qd4 35. c3 Qxf2+ 36. Qxf2 Rxf2 37. Kxf2 Nb5 38. Rxb5 1-0

[Event "SR 1. liga zapad 2010/2011"]
[Site "?"]
[Date "2010.12.12"]
[Round "4.2"]
[White "Podoba, Milan"]
[Black "Certek, Pavel"]
[Result "0-1"]
[WhiteElo "2167"]
[BlackElo "2250"]
[PlyCount "108"]
[EventDate "2010.??.??"]

1. e4 c5 2. Nf3 g6 3. d4 cxd4 4. Nxd4 Bg7 5. Nc3 Nc6 6. Be3 Nf6 7. Nxc6 bxc6 8.
e5 Ng8 9. Bd4 Qa5 10. f4 f6 11. Qe2 fxe5 12. Bxe5 Bxe5 13. Qxe5 Qxe5+ 14. fxe5
Nh6 15. O-O-O Rf8 16. Bc4 Rf5 17. Rhe1 Ng4 18. e6 d6 19. Rd4 Ne5 20. Bb3 Bb7
21. Rh4 h5 22. Ra4 Kd8 23. Ne2 Kc7 24. Rf4 Raf8 25. Ref1 Rxf4 26. Rxf4 Rxf4 27.
Nxf4 h4 28. c3 Ba6 29. Bc2 g5 30. Nh3 Bf1 31. Nxg5 Bxg2 32. Bd1 Nd3+ 33. Kc2
Nf4 34. Bg4 Ng6 35. Kd2 Ne5 36. Be2 c5 37. Ke3 a5 38. Kf4 Bd5 39. a3 Bb3 40.
Nf7 Nxf7 41. exf7 Bxf7 42. Kg4 Bb3 43. Bd3 d5 44. Kxh4 e5 45. Kg3 Kd6 46. Kf2
e4 47. Bf1 Ke5 48. h4 Kf4 49. h5 Kg5 50. Be2 d4 51. cxd4 cxd4 52. Ke1 d3 53.
Bd1 Bxd1 54. Kxd1 a4 0-1

[Event "SR 1. liga zapad 2010/2011"]
[Site "?"]
[Date "2010.12.12"]
[Round "4.2"]
[White "Vlcek, Stanislav"]
[Black "Veres, Andrej"]
[Result "1/2-1/2"]
[WhiteElo "2257"]
[BlackElo "2168"]
[PlyCount "59"]
[EventDate "2010.??.??"]

1. e4 c5 2. Nf3 g6 3. d4 cxd4 4. Nxd4 Nc6 5. c4 Bg7 6. Be3 Nf6 7. Nc3 O-O 8.
Be2 d6 9. O-O Bd7 10. Qd2 Nxd4 11. Bxd4 Bc6 12. f3 Nd7 13. Be3 a5 14. b3 Nc5
15. Rab1 Qb6 16. Rfc1 Rfc8 17. Rc2 Qd8 18. Bf1 h5 19. a3 Kh7 20. g3 Qf8 21. Nd5
Bxd5 22. exd5 Bh6 23. f4 Ne4 24. Qg2 f5 25. a4 Bg7 26. Bd3 Nc5 27. Rd2 Qf6 28.
Bc2 Qc3 29. Qf2 Re8 30. Bd4 1/2-1/2

[Event "SR 1. liga zapad 2010/2011"]
[Site "?"]
[Date "2010.12.12"]
[Round "4.3"]
[White "Banas, Jan"]
[Black "Petrik, Tomas"]
[Result "1/2-1/2"]
[WhiteElo "2306"]
[BlackElo "2536"]
[PlyCount "49"]
[EventDate "2010.??.??"]

1. Nf3 Nf6 2. c4 e6 3. Nc3 c5 4. e3 d6 5. Be2 Nbd7 6. O-O b6 7. b3 Bb7 8. Bb2
a6 9. d4 Be7 10. Qc2 O-O 11. Rfd1 Qc7 12. Ng5 cxd4 13. Rxd4 h6 14. Nge4 Nxe4
15. Nxe4 d5 16. Ng3 Bf6 17. Rd2 Bxb2 18. Qxb2 dxc4 19. Bxc4 Qe5 20. Qxe5 Nxe5
21. Be2 Rfd8 22. Rad1 Rxd2 23. Rxd2 Rc8 24. f4 Ng6 25. Bh5 1/2-1/2

[Event "SR 1. liga zapad 2010/2011"]
[Site "?"]
[Date "2010.12.12"]
[Round "4.3"]
[White "Dlhy, Jozef"]
[Black "Arendas, Marek"]
[Result "1/2-1/2"]
[WhiteElo "2075"]
[BlackElo "2089"]
[PlyCount "82"]
[EventDate "2010.??.??"]

1. d4 d5 2. Nf3 Nf6 3. Bg5 e6 4. e3 c5 5. c3 Qb6 6. Qb3 Qxb3 7. axb3 cxd4 8.
exd4 Ne4 9. Bf4 Bd6 10. Bxd6 Nxd6 11. Nbd2 Nc6 12. b4 f6 13. Be2 Bd7 14. O-O
O-O 15. Nb3 a6 16. Nc5 Rad8 17. Nd2 Bc8 18. f4 e5 19. fxe5 fxe5 20. dxe5 Rxf1+
21. Bxf1 Nxe5 22. Ncb3 Nf5 23. Re1 Nc6 24. Nf3 Nd6 25. Nbd4 Nxd4 26. Nxd4 Re8
27. Rxe8+ Nxe8 28. Kf2 Kf7 29. Ke3 Ke7 30. Kf4 Kf6 31. h4 h6 32. Bd3 Nd6 33. g3
g5+ 34. hxg5+ hxg5+ 35. Ke3 Nf7 36. Be2 b6 37. Nc6 Ne5 38. Nxe5 Kxe5 39. Bd3
Bb7 40. Be2 Bc8 41. Bh5 Bd7 1/2-1/2

[Event "SR 1. liga zapad 2010/2011"]
[Site "?"]
[Date "2010.12.12"]
[Round "4.3"]
[White "Jancovic, Peter"]
[Black "Szitkey, Milan"]
[Result "1-0"]
[WhiteElo "2167"]
[BlackElo "2152"]
[PlyCount "63"]
[EventDate "2010.??.??"]

1. e4 e6 2. d4 d5 3. Nd2 Nf6 4. e5 Nfd7 5. f4 c5 6. c3 Nc6 7. Ngf3 Qb6 8. Nb3
cxd4 9. cxd4 a5 10. a4 f6 11. Bd3 Bb4+ 12. Ke2 Be7 13. Bd2 Nb4 14. Bb5 Qa7 15.
Rc1 b6 16. Bxb4 axb4 17. Rc6 Kf7 18. Qc2 Ba6 19. f5 Nf8 20. fxe6+ Nxe6 21. Rxe6
Bxb5+ 22. axb5 Kxe6 23. Ng5+ fxg5 24. Qc6+ Kf7 25. Rf1+ Bf6 26. Qxd5+ Kf8 27.
exf6 Re8+ 28. Kd3 g6 29. f7 Rb8 30. Qe5 Rg8 31. fxg8=Q+ Kxg8 32. Rc1 1-0

[Event "SR 1. liga zapad 2010/2011"]
[Site "?"]
[Date "2010.12.12"]
[Round "4.3"]
[White "Lanc, Alois"]
[Black "Ondrus, Martin"]
[Result "0-1"]
[WhiteElo "2399"]
[BlackElo "2284"]
[PlyCount "94"]
[EventDate "2010.??.??"]

1. e4 c5 2. Nf3 d6 3. d4 cxd4 4. Nxd4 Nf6 5. Nc3 a6 6. Bc4 e6 7. Bb3 Nbd7 8.
Bg5 Qa5 9. Qd2 b5 10. f3 Bb7 11. O-O Be7 12. Be3 b4 13. Na4 d5 14. exd5 Nxd5
15. Bf2 Nc5 16. Nxc5 Bxc5 17. a3 O-O 18. axb4 Qxb4 19. c3 Qb6 20. Bc2 Rfd8 21.
Rfe1 Nb4 22. Bb1 g6 23. Qe2 Nc6 24. Nxc6 Bxc6 25. Ba2 Bb5 26. c4 Ba4 27. Rab1
a5 28. b3 Bc6 29. Rbd1 a4 30. Bxc5 Qxc5+ 31. Qf2 Qb4 32. bxa4 Bxa4 33. Rb1 Qa5
34. Rb2 Qc3 35. h4 h5 36. Rbe2 Rac8 37. Qg3 Qf6 38. Re5 Rd4 39. Rxh5 Rcd8 40.
Ra5 Bc2 41. h5 Rd1 42. Rae5 Rxe1+ 43. Rxe1 Qd4+ 44. Kh2 Kg7 45. Qe5+ Qxe5+ 46.
Rxe5 Ra8 47. hxg6 Kxg6 0-1

[Event "SR 1. liga zapad 2010/2011"]
[Site "?"]
[Date "2010.12.12"]
[Round "4.3"]
[White "Martiska, Peter"]
[Black "Drtina, Milan"]
[Result "1/2-1/2"]
[WhiteElo "2249"]
[BlackElo "2247"]
[PlyCount "78"]
[EventDate "2010.??.??"]

1. d4 Nf6 2. c4 g6 3. Nc3 Bg7 4. e4 d6 5. f4 O-O 6. Bd3 e5 7. fxe5 dxe5 8. d5
Nh5 9. Nf3 f5 10. Be3 f4 11. Bc5 Re8 12. Qc2 g5 13. O-O-O g4 14. Nd2 a5 15. a3
Na6 16. Bf2 Bf8 17. Kb1 b6 18. Nb5 Bd7 19. Qc3 Nc5 20. Nb3 Na6 21. Nc1 a4 22.
Bc2 Nc5 23. Rhe1 Bd6 24. Nd3 Qg5 25. Nxc5 bxc5 26. Rh1 Reb8 27. Bd3 Ng7 28. Qe1
h5 29. Bh4 Qg6 30. Ka2 Rf8 31. Bf2 Qe8 32. Qg1 Qe7 33. Qe1 f3 34. g3 Rfb8 35.
Qd2 Qf6 36. Be3 Qf8 37. Rdf1 Qe8 38. Rf2 Qg6 39. Rff1 Qe8 1/2-1/2

[Event "SR 1. liga zapad 2010/2011"]
[Site "?"]
[Date "2010.12.12"]
[Round "4.3"]
[White "Miklas, Marian"]
[Black "Gorusa, Miroslav"]
[Result "1/2-1/2"]
[WhiteElo "2139"]
[BlackElo "2136"]
[PlyCount "107"]
[EventDate "2010.??.??"]

1. Nf3 d5 2. c4 c6 3. g3 Nf6 4. Bg2 e6 5. O-O Nbd7 6. d4 Be7 7. b3 O-O 8. Bb2
b5 9. Nbd2 bxc4 10. bxc4 Rb8 11. Qc2 Ba6 12. Rab1 Qa5 13. Bc3 Qa3 14. Ne5 Nxe5
15. dxe5 Nd7 16. Bd4 Nb6 17. Bxb6 axb6 18. cxd5 cxd5 19. Rb3 Qa5 20. Bf3 Bb4
21. Qb2 Bc5 22. Rd1 Qa4 23. e3 Rfc8 24. Rc1 Ra8 25. Bd1 Qa5 26. Rbc3 Bb4 27.
Rxc8+ Rxc8 28. Rxc8+ Bxc8 29. Nb3 Qb5 30. Be2 Qc6 31. Nd4 Qc5 32. Qc2 Bd7 33.
Bd3 g6 34. Nb3 Qxc2 35. Bxc2 f6 36. exf6 Kf7 37. e4 Kxf6 38. h4 Bc3 39. h5 gxh5
40. exd5 exd5 41. Bxh7 Bb5 42. f4 Bd7 43. Kf2 Bf5 44. Bg8 d4 45. Bc4 Bb1 46.
Nc1 Bd2 47. Nd3 Kf5 48. Kf3 Bc2 49. Ne5 Be4+ 50. Ke2 Be3 51. Bd3 h4 52. gxh4
Kxf4 53. Bxe4 Kxe4 54. Nd3 1/2-1/2

[Event "SR 1. liga zapad 2010/2011"]
[Site "?"]
[Date "2010.12.12"]
[Round "4.3"]
[White "Nicolini, Alexander"]
[Black "Skreno, Vladimir"]
[Result "1/2-1/2"]
[WhiteElo "2152"]
[BlackElo "2160"]
[PlyCount "45"]
[EventDate "2010.??.??"]

1. e4 c5 2. Nf3 Nc6 3. c3 Nf6 4. e5 Nd5 5. d4 cxd4 6. cxd4 e6 7. Nc3 Nxc3 8.
bxc3 d6 9. exd6 Bxd6 10. Bd3 Qc7 11. O-O b6 12. Qe2 Ne7 13. c4 Bb7 14. Re1 Bb4
15. Rd1 Rd8 16. Bb2 Bxf3 17. Qxf3 O-O 18. Rac1 Bd6 19. g3 Ng6 20. Qe4 e5 21.
dxe5 Bxe5 22. Bxe5 Qxe5 23. Qxe5 1/2-1/2

[Event "SR 1. liga zapad 2010/2011"]
[Site "?"]
[Date "2010.12.12"]
[Round "4.3"]
[White "Sturdik, Igor"]
[Black "Pereszlenyi, Gejza"]
[Result "0-1"]
[WhiteElo "2071"]
[BlackElo "2022"]
[PlyCount "50"]
[EventDate "2010.??.??"]

1. e4 e5 2. Nf3 Nc6 3. Bc4 Nf6 4. d4 Nxd4 5. Bxf7+ Kxf7 6. Nxe5+ Kg8 7. Qxd4 d6
8. Nd3 Be6 9. O-O Be7 10. Nf4 Bf7 11. Re1 Kf8 12. Nc3 c6 13. b3 Ng4 14. Bb2 Bf6
15. Qd2 Be5 16. Nd1 Qf6 17. Bxe5 Qxe5 18. Rc1 g5 19. h3 gxf4 20. hxg4 h5 21.
Qc3 hxg4 22. Qxe5 dxe5 23. Nb2 Rh5 24. Rcd1 Ke7 25. Kf1 f3 0-1

[Event "SR 1. liga zapad 2010/2011"]
[Site "?"]
[Date "2010.12.12"]
[Round "4.5"]
[White "Ac, Michal"]
[Black "Novotny, Michal"]
[Result "1-0"]
[WhiteElo "2177"]
[BlackElo "2009"]
[PlyCount "73"]
[EventDate "2010.??.??"]

1. d4 d5 2. c4 e6 3. Nc3 Nf6 4. Bg5 c6 5. e3 Bb4 6. Qb3 Qa5 7. Bxf6 gxf6 8. Nf3
Nd7 9. Bd3 dxc4 10. Bxc4 Nb6 11. Bd3 Qa4 12. O-O Qxb3 13. axb3 Nd5 14. Rfc1 Bd6
15. e4 Nf4 16. Bf1 Rg8 17. Kh1 e5 18. d5 Bd7 19. g3 Bg4 20. Nd2 Nh3 21. f3 Bd7
22. Nc4 Bc5 23. Na4 Nf2+ 24. Kg1 Nh3+ 25. Kg2 Bd4 26. Nab6 Nf4+ 27. Kh1 cxd5
28. Nxa8 dxc4 29. Rxc4 Ne6 30. Nc7+ Nxc7 31. Rxc7 Rg7 32. Rxb7 f5 33. Bh3 h5
34. Rc1 h4 35. Rcc7 f6 36. Rb8+ Ke7 37. Rxd7+ 1-0

[Event "SR 1. liga zapad 2010/2011"]
[Site "?"]
[Date "2010.12.12"]
[Round "4.5"]
[White "Berek, Geza"]
[Black "Ruckschloss, Karol"]
[Result "1/2-1/2"]
[WhiteElo "2216"]
[BlackElo "2271"]
[PlyCount "73"]
[EventDate "2010.??.??"]

1. e4 e6 2. d4 d5 3. Nd2 Nf6 4. e5 Nfd7 5. Bd3 c5 6. c3 Nc6 7. Ne2 cxd4 8. cxd4
Nb4 9. Bb1 b5 10. O-O a5 11. f4 g6 12. Nf3 Nb6 13. Kh1 a4 14. g4 h5 15. f5 hxg4
16. fxe6 gxf3 17. exf7+ Kd7 18. Rxf3 Qh4 19. Qg1 Kc7 20. Nf4 Bf5 21. Bxf5 gxf5
22. Rh3 Qxh3 23. Nxh3 Rxh3 24. Qf1 Rh4 25. Bg5 Rxd4 26. Qxb5 Nc6 27. Rc1 Nc4
28. e6 Bd6 29. b3 axb3 30. axb3 Ra2 31. e7 Rxh2+ 32. Kg1 Rg4+ 33. Kf1 Rh1+ 34.
Kf2 Bg3+ 35. Kg2 Rh2+ 36. Kf1 Rh1+ 37. Kg2 1/2-1/2

[Event "SR 1. liga zapad 2010/2011"]
[Site "?"]
[Date "2010.12.12"]
[Round "4.5"]
[White "Beres, Dominik"]
[Black "Sulek, Viliam"]
[Result "1-0"]
[WhiteElo "2083"]
[BlackElo "2144"]
[PlyCount "83"]
[EventDate "2010.??.??"]

1. e4 c5 2. Nf3 Nc6 3. d4 cxd4 4. Nxd4 Nf6 5. Nc3 d6 6. f3 e5 7. Ndb5 a6 8. Na3
b5 9. Nd5 Nxd5 10. Qxd5 Bb7 11. c4 b4 12. Nb1 Be7 13. Qd1 O-O 14. Be3 Bg5 15.
Bf2 Qe7 16. Bd3 Nd4 17. Nd2 Ne6 18. g3 a5 19. O-O h5 20. Re1 h4 21. Nf1 Nc5 22.
Ne3 Bxe3 23. Bxe3 hxg3 24. hxg3 Qf6 25. Bc2 Rfd8 26. Kg2 Ne6 27. Bb6 Rdc8 28.
Qd3 Qg6 29. Kf2 Ba6 30. b3 Nc5 31. Qe3 Bb7 32. Bxc5 dxc5 33. Rad1 Rd8 34. Qxc5
Qh6 35. Kg2 Rd2+ 36. Rxd2 Qxd2+ 37. Qf2 Qc3 38. Rc1 g6 39. Qd2 Qb2 40. Rd1 Qxa2
41. Bb1 Qxd2+ 42. Rxd2 1-0

[Event "SR 1. liga zapad 2010/2011"]
[Site "?"]
[Date "2010.12.12"]
[Round "4.5"]
[White "Bezuch, Martin"]
[Black "Fabian, Jaroslav"]
[Result "1-0"]
[WhiteElo "2198"]
[BlackElo "2202"]
[PlyCount "87"]
[EventDate "2010.??.??"]

1. Nf3 Nf6 2. c4 g6 3. e3 Bg7 4. Be2 O-O 5. O-O c5 6. d3 d5 7. cxd5 Nxd5 8. a3
Nc6 9. Qc2 Qd6 10. Nc3 b6 11. Nxd5 Qxd5 12. Bd2 Bb7 13. Bc3 e5 14. b4 Rac8 15.
Qb2 Rfe8 16. Rfd1 h6 17. Bf1 Nb8 18. b5 Nd7 19. a4 Qe6 20. a5 Nf6 21. e4 Nh5
22. axb6 axb6 23. Ra7 Rb8 24. Nd2 Nf4 25. Nc4 g5 26. Ne3 Bf8 27. g3 Ng6 28. Be2
Qf6 29. Bg4 Red8 30. Bf5 Bg7 31. Nc4 Re8 32. Rf1 Re7 33. f4 gxf4 34. gxf4 Bxe4
35. Rxe7 Bxf5 36. Rxe5 Nxe5 37. Bxe5 Qg6+ 38. Kf2 Bxe5 39. Qxe5 Ra8 40. Rg1
Ra2+ 41. Nb2 Bg4 42. h3 h5 43. hxg4 hxg4 44. Rh1 1-0

[Event "SR 1. liga zapad 2010/2011"]
[Site "?"]
[Date "2010.12.12"]
[Round "4.5"]
[White "Havlicek, Libor"]
[Black "Cibulka, Vladimir"]
[Result "0-1"]
[WhiteElo "2330"]
[BlackElo "2252"]
[PlyCount "75"]
[EventDate "2010.??.??"]

1. d4 e6 2. Nf3 f5 3. g3 Nf6 4. Bg2 d5 5. c4 c6 6. O-O Be7 7. Nbd2 O-O 8. Ne5
Nbd7 9. Nd3 Ne4 10. Qc2 Bf6 11. Nf3 dxc4 12. Qxc4 Nb6 13. Qb4 a5 14. Qb3 a4 15.
Qb4 Nd5 16. Qc4 Nd6 17. Qc2 Nb5 18. e3 Qd6 19. a3 b6 20. Bd2 Bb7 21. Bb4 Nxb4
22. axb4 a3 23. Nd2 axb2 24. Qxb2 Rxa1 25. Rxa1 Nxd4 26. Nc4 Nf3+ 27. Bxf3 Qxd3
28. Ne5 Qb5 29. Ra7 Bxe5 30. Qc2 Bc8 31. Bxc6 Qxb4 32. Ra8 Qc5 33. Qa4 b5 34.
Bxb5 Bb7 35. Rxf8+ Kxf8 36. Bc4 Qc6 37. Qxc6 Bxc6 38. h4 0-1

[Event "SR 1. liga zapad 2010/2011"]
[Site "?"]
[Date "2010.12.12"]
[Round "4.5"]
[White "Kalisky, Vladimir"]
[Black "Hagara, Eduard"]
[Result "0-1"]
[WhiteElo "2273"]
[BlackElo "2407"]
[PlyCount "60"]
[EventDate "2010.??.??"]

1. e4 c5 2. Nf3 Nc6 3. d4 cxd4 4. Nxd4 Nf6 5. Nc3 e5 6. Ndb5 d6 7. Nd5 Nxd5 8.
exd5 Nb8 9. c4 a6 10. Nc3 Be7 11. Bd3 Nd7 12. O-O O-O 13. Kh1 f5 14. f3 Bg5 15.
Qe2 Bxc1 16. Raxc1 Qf6 17. a3 e4 18. Bc2 exf3 19. gxf3 Ne5 20. Ba4 b6 21. Rfe1
Ra7 22. f4 Ng4 23. Qf3 Qd4 24. Kg2 Qd2+ 25. Ne2 Re7 26. h3 Nf6 27. Kf1 Re3 28.
Qg2 Qxb2 29. Bc6 Qxa3 30. Nd4 Qd3+ 0-1

[Event "SR 1. liga zapad 2010/2011"]
[Site "?"]
[Date "2010.12.12"]
[Round "4.5"]
[White "Siroky, Jan"]
[Black "Hacik, Radomir"]
[Result "1/2-1/2"]
[WhiteElo "2188"]
[BlackElo "2176"]
[PlyCount "29"]
[EventDate "2010.??.??"]

1. e4 c6 2. d4 d5 3. exd5 cxd5 4. c4 Nf6 5. Nc3 e6 6. Nf3 Be7 7. a3 dxc4 8.
Bxc4 O-O 9. O-O Qc7 10. Qe2 Nc6 11. Be3 a6 12. Rac1 Bd7 13. Rfd1 Rfe8 14. d5
exd5 15. Bxd5 1/2-1/2

[Event "SR 1. liga zapad 2010/2011"]
[Site "?"]
[Date "2010.12.12"]
[Round "4.5"]
[White "Sturc, Jan"]
[Black "Zahorsky, Robert"]
[Result "1/2-1/2"]
[WhiteElo "1988"]
[BlackElo "1988"]
[PlyCount "24"]
[EventDate "2010.??.??"]

1. d4 d5 2. c4 c6 3. Nf3 Nf6 4. g3 Bf5 5. Bg2 e6 6. Qb3 Qb6 7. O-O Be7 8. Nbd2
h6 9. Ne5 O-O 10. c5 Qc7 11. Ndf3 b6 12. Bf4 Nh5 1/2-1/2

[Event "SR 1. liga zapad 2010/2011"]
[Site "?"]
[Date "2010.12.12"]
[Round "4.6"]
[White "Brestak, Jan"]
[Black "Turna, Stefan"]
[Result "0-1"]
[WhiteElo "2149"]
[BlackElo "2245"]
[PlyCount "88"]
[EventDate "2010.??.??"]

1. e4 c5 2. Nf3 d6 3. d4 cxd4 4. Nxd4 Nf6 5. Nc3 e6 6. Be3 a6 7. Qe2 b5 8. a3
Bb7 9. f3 Nc6 10. Qf2 Ne5 11. Nb3 Be7 12. Bb6 Qc8 13. Na5 O-O 14. Rd1 d5 15.
Nxb7 Qxb7 16. Bd4 Nc6 17. Bd3 Nxd4 18. Qxd4 Rac8 19. b4 Qc7 20. Ne2 dxe4 21.
fxe4 Ng4 22. h3 Bh4+ 23. Kf1 Rcd8 24. hxg4 Rxd4 25. Rxh4 Rdd8 26. Kf2 Qa7+ 27.
Kf3 e5 28. Rdh1 h6 29. g5 f5 30. exf5 Rxd3+ 31. cxd3 Rxf5+ 32. Ke4 Rxg5 33. g4
Qf2 34. R1h2 Qf6 35. Ke3 Rg6 36. Kd2 Qg5+ 37. Kd1 Rd6 38. R4h3 Qxg4 39. Kc2
Qc8+ 40. Kb2 Qf5 41. Kc3 Qf1 42. Re3 Qe1+ 43. Kb3 Qb1+ 44. Kc3 Rc6+ 0-1

[Event "SR 1. liga zapad 2010/2011"]
[Site "?"]
[Date "2010.12.12"]
[Round "4.6"]
[White "Horvath, Mario"]
[Black "Castiglione, Mario"]
[Result "1/2-1/2"]
[WhiteElo "2320"]
[BlackElo "2288"]
[PlyCount "46"]
[EventDate "2010.??.??"]

1. c4 c5 2. Nc3 Nf6 3. g3 d5 4. cxd5 Nxd5 5. Bg2 Nc7 6. Nf3 Nc6 7. Qa4 Qd7 8.
O-O e5 9. a3 Rb8 10. d3 b5 11. Qc2 Be7 12. Ne4 Ne6 13. Be3 Ncd4 14. Bxd4 exd4
15. Ne5 Qc7 16. Nc6 f5 17. Nd2 Rb6 18. Nxe7 Qxe7 19. b4 O-O 20. bxc5 Nxc5 21.
Rfc1 Ne6 22. Qb2 f4 23. Ne4 fxg3 1/2-1/2

[Event "SR 1. liga zapad 2010/2011"]
[Site "?"]
[Date "2010.12.12"]
[Round "4.6"]
[White "Janos, Ivan"]
[Black "Szucs, Vladimir"]
[Result "1/2-1/2"]
[WhiteElo "2152"]
[BlackElo "2130"]
[PlyCount "126"]
[EventDate "2010.??.??"]

1. e4 c5 2. Nf3 g6 3. d4 cxd4 4. Nxd4 Nc6 5. c4 Nf6 6. Nc3 d6 7. Be2 Nxd4 8.
Qxd4 Bg7 9. O-O O-O 10. Bg5 Be6 11. Qe3 Qb6 12. Qxb6 axb6 13. a4 Rfc8 14. Nd5
Bxd5 15. exd5 Ne4 16. Be3 Bxb2 17. Rab1 Bf6 18. Rxb6 Rc7 19. Bd3 Nc3 20. a5 Na4
21. Rb5 Nb2 22. Be2 Nxc4 23. Rc1 Rac8 24. Rxc4 Rxc4 25. Bxc4 Rxc4 26. Rxb7 Ra4
27. g3 Rxa5 28. Bh6 Ra8 29. Rd7 Re8 30. Kg2 Bg7 31. Bg5 Bf8 32. Kf3 h6 33. Be3
Bg7 34. g4 Kf8 35. h4 Rc8 36. Ra7 Ke8 37. Ra4 Kd7 38. Rf4 Bf6 39. g5 hxg5 40.
hxg5 Bxg5 41. Rxf7 Bf6 42. Rh7 Rh8 43. Rxh8 Bxh8 44. Ke4 Bf6 45. f3 e6 46. Bd2
Ke7 47. Bf4 Bb2 48. Bg5+ Kf7 49. Bf4 Ke7 50. Bg5+ Bf6 51. Be3 Bh4 52. Bf4 Bf2
53. Bg5+ Kf7 54. Bf4 Bc5 55. Bg5 Bb4 56. Bh4 Bd2 57. Bd8 g5 58. Bb6 Bf4 59. Bd4
Bg3 60. Be3 exd5+ 61. Kxd5 Kg6 62. Ke6 Be5 63. Bd2 Bg3 1/2-1/2

[Event "SR 1. liga zapad 2010/2011"]
[Site "?"]
[Date "2010.12.12"]
[Round "4.6"]
[White "Kubala, Jan"]
[Black "Szeko, Ludovit"]
[Result "1-0"]
[WhiteElo "2230"]
[BlackElo "2078"]
[PlyCount "79"]
[EventDate "2010.??.??"]

1. e4 Nf6 2. e5 Nd5 3. d4 d6 4. Nf3 g6 5. Be2 Bg7 6. O-O O-O 7. c4 Nb6 8. Nc3
Nc6 9. exd6 cxd6 10. Be3 Bg4 11. b3 d5 12. c5 Nd7 13. Rc1 Nf6 14. h3 Bf5 15.
Ne5 Ne4 16. Nxc6 bxc6 17. b4 Nxc3 18. Rxc3 e5 19. Rb3 exd4 20. Bxd4 Bxd4 21.
Qxd4 Re8 22. Bf3 Be4 23. Re1 Bxf3 24. Rxe8+ Qxe8 25. Rxf3 Qe7 26. Rf6 Re8 27.
Rd6 Qb7 28. a3 Qa6 29. Kh2 Qc8 30. Qf6 Qc7 31. g3 Rc8 32. Kg2 Qb7 33. h4 h5 34.
g4 hxg4 35. h5 gxh5 36. Qg5+ Kf8 37. Rh6 Ke8 38. Rh8+ Kd7 39. Qf5+ Kc7 40. Qe5+
1-0

[Event "SR 1. liga zapad 2010/2011"]
[Site "?"]
[Date "2010.12.12"]
[Round "4.6"]
[White "Oprea, Erik"]
[Black "Nemeth, Daniel"]
[Result "1-0"]
[WhiteElo "2137"]
[BlackElo "1960"]
[PlyCount "57"]
[EventDate "2010.??.??"]

1. g3 Nf6 2. Bg2 g6 3. c4 Bg7 4. d4 c6 5. e4 d6 6. Nc3 O-O 7. f3 Nbd7 8. Be3 e5
9. d5 c5 10. Qd2 a6 11. Nge2 Qa5 12. a4 Ne8 13. g4 Rb8 14. Kf2 Qd8 15. h4 Nc7
16. Ng3 b5 17. cxb5 axb5 18. axb5 Nxb5 19. Nxb5 Rxb5 20. h5 Qb6 21. Ra2 Rb4 22.
Bf1 Nb8 23. Be2 Ba6 24. Bh6 c4+ 25. Kg2 Bxh6 26. Qxh6 Qb7 27. Nf5 gxf5 28. Qg5+
Kh8 29. Qf6+ 1-0

[Event "SR 1. liga zapad 2010/2011"]
[Site "?"]
[Date "2010.12.12"]
[Round "4.6"]
[White "Peitl, Tomas"]
[Black "Blaho, Stefan"]
[Result "1-0"]
[WhiteElo "2186"]
[BlackElo "2094"]
[PlyCount "77"]
[EventDate "2010.??.??"]

1. Nf3 Nf6 2. c4 d6 3. d4 c6 4. b3 Bg4 5. Bb2 Nbd7 6. Nbd2 Qc7 7. h3 Bh5 8. e4
e5 9. Be2 Be7 10. O-O Bg6 11. Bd3 O-O 12. Qc2 Kh8 13. Rae1 Ng8 14. Qb1 Bf6 15.
Qa1 Rfe8 16. b4 a5 17. b5 c5 18. dxe5 dxe5 19. Nh2 h5 20. g4 Bg5 21. Ndf3 Bf4
22. Bc1 f6 23. Nh4 Bf7 24. N2f3 Bxc1 25. Qxc1 Nf8 26. g5 Red8 27. Be2 Qd7 28.
Kh2 Ne6 29. gxf6 gxf6 30. Nf5 Nf4 31. Qc3 Qe6 32. N3h4 Ne7 33. Qe3 Rd4 34. Rg1
Neg6 35. Nxg6+ Bxg6 36. Rxg6 Rxe4 37. Rh6+ Kg8 38. Rg1+ Kf7 39. Rg7+ 1-0

[Event "SR 1. liga zapad 2010/2011"]
[Site "?"]
[Date "2011.01.09"]
[Round "5.1"]
[White "Borik, Juraj"]
[Black "Kaniansky, Miroslav"]
[Result "1/2-1/2"]
[WhiteElo "2206"]
[BlackElo "2185"]
[PlyCount "118"]
[EventDate "2010.??.??"]

1. e4 e5 2. Nf3 Nc6 3. Bb5 a6 4. Ba4 Nf6 5. O-O Be7 6. Re1 b5 7. Bb3 d6 8. c3
O-O 9. h3 Nb8 10. d4 Nbd7 11. Nbd2 Bb7 12. Bc2 Re8 13. Nf1 Bf8 14. Ng3 g6 15.
Bg5 h6 16. Bd2 exd4 17. cxd4 c5 18. a4 Bg7 19. Qc1 Kh7 20. e5 dxe5 21. dxe5 Nd5
22. e6 Rxe6 23. Rxe6 fxe6 24. Nh5 Qe7 25. axb5 Bf8 26. bxa6 Rxa6 27. Rxa6 Bxa6
28. Qb1 Qf7 29. Nh4 Ne5 30. f4 Be7 31. Qd1 Nd3 32. Qa1 Bxh4 33. Qxa6 N5b4 34.
Qc4 Nxc2 35. Qxd3 Nd4 36. Qe4 Nf5 37. g4 gxh5 38. gxf5 exf5 39. Qd3 c4 40. Qc2
Qa7+ 41. Kh1 Qb7+ 42. Kh2 Qe4 43. Qxe4 fxe4 44. f5 Bg5 45. Bc3 h4 46. Kg2 Kg8
47. Kf2 Kf7 48. Ke2 Ke7 49. Kf2 Kd6 50. Ke2 Kd5 51. Kf2 Kd6 52. Ke2 Bf4 53. Kf2
Ke7 54. Ke2 Kf7 55. Kf2 h5 56. Ke2 Ke7 57. Kf2 Kd6 58. Ke2 Kd5 59. Kf2 Kd6
1/2-1/2

[Event "SR 1. liga zapad 2010/2011"]
[Site "?"]
[Date "2011.01.09"]
[Round "5.1"]
[White "Csiba, Dominik"]
[Black "Motuz, Karol"]
[Result "0-1"]
[WhiteElo "2378"]
[BlackElo "2245"]
[PlyCount "58"]
[EventDate "2010.??.??"]

1. e4 c5 2. Nf3 d6 3. d4 cxd4 4. Nxd4 Nf6 5. Nc3 Nc6 6. Bg5 Bd7 7. Nb3 e6 8.
Nb5 Qb8 9. Bxf6 gxf6 10. Qh5 a6 11. Nc3 b5 12. Bd3 Qb6 13. O-O Rg8 14. a4 b4
15. a5 Qc7 16. Ne2 Ne5 17. Ned4 Qb7 18. Nd2 Rc8 19. Be2 Ng6 20. Bf3 Qa7 21.
N2b3 e5 22. Nf5 Rxc2 23. Ne3 Nf4 24. Qxh7 Nh3+ 25. Kh1 Nxf2+ 26. Rxf2 Rxf2 27.
Nd5 Rg6 28. Bh5 Bh3 29. gxh3 Rxh2+ 0-1

[Event "SR 1. liga zapad 2010/2011"]
[Site "?"]
[Date "2011.01.09"]
[Round "5.1"]
[White "Helbich, Jan"]
[Black "Bombek, Peter"]
[Result "1/2-1/2"]
[WhiteElo "2222"]
[BlackElo "2228"]
[PlyCount "31"]
[EventDate "2010.??.??"]

1. e4 e6 2. d4 d5 3. Nd2 c5 4. exd5 exd5 5. Ngf3 Nf6 6. c3 Nc6 7. dxc5 Bxc5 8.
Nb3 Bd6 9. Be2 O-O 10. O-O h6 11. h3 Bf5 12. Nbd4 Be4 13. Be3 Qd7 14. Qd2 Rad8
15. Rfe1 a6 16. Rad1 1/2-1/2